00448nam a2200157Ia 450000500170000000800410001702000180005803700130007604000200008904100130010908400220012210000190014424500700016326000460023330000110027920250326140558.0250326s9999 xx 000 0 und d a0-321-00199-0 aTextbook aFMSLbengcFMSL aeng2eng aSNIobX:8 N9qFMSL aKardes Frank R 0aConsumer behaviour and managerial decision makingcKardes Frank R aNew YorkbNew York, Addison- Wesleyc1999 axx,505